| 000 | 00816nam a2200289Ia 4500 | ||
|---|---|---|---|
| 001 | B4485 | ||
| 003 | IT-RoPAU | ||
| 008 | 130308s9999 xx 000 0 und d | ||
| 040 | _aIT-RoPAU | ||
| 040 | _cIT-RoPAU | ||
| 041 | _aINGLESE | ||
| 100 | _aSparks Colin | ||
| 100 | _gCodice Aut. SPICS: 17269 | ||
| 245 | _aPopular Press and Political Democracy (The) | ||
| 245 | _bCulture And Power-A Media, Culture & Society Reader | ||
| 250 | _a1a ed. | ||
| 260 | _aLONDON | ||
| 260 | _bSage Publications B.H. | ||
| 260 | _c1992 [1° Ed.:1992 - Ed.Ling.Originale:1992] | ||
| 300 | _a"15 p. (prefazione: no ; testo: 15 [pagine: 278-292])" | ||
| 500 | _aStampa Popolare e Democrazia Politica. | ||
| 650 | _aSOCIOLOGIA | ||
| 650 | _eCodice materia Spics: 3651 | ||
| 942 | _cBK | ||
| 957 | _71 | ||
| 999 |
_c79071 _d79071 |
||
| 999 | _g1 | ||